| 000 | 00379nam a2200133Ia 4500 | ||
|---|---|---|---|
| 008 | 220217s9999||||xx |||||||||||||| ||und|| | ||
| 020 | _a9788173716287 | ||
| 082 | _a621.3678 PAN | ||
| 100 |
_aPanigrahi, Narayan _910049 |
||
| 245 | 0 | _aGeographical information science | |
| 260 |
_aUniversities press _bHyderabad _c2011 |
||
| 300 |
_aVIII, 276p. _b425 |
||
| 650 |
_aRadar _92033 |
||
| 999 |
_c188032 _d188032 |
||